Educación general: definiciones, evolución, paradigmas epistemológicos y futuro /
En este análisis exhaustivo, se aborda la educación general desde múltiples perspectivas, ofreciendo una visión amplia y profunda de su significado, evolución histórica y paradigmas epistemológicos. A través de 16 páginas, el autor explora cómo la educación general se ha transformado a lo largo del...
Bewaard in:
| Hoofdauteur: | |
|---|---|
| Formaat: | Texto |
| Taal: | Spanish |
| Onderwerpen: | |
| Tags: |
Voeg label toe
Geen labels, Wees de eerste die dit record labelt!
|
MARC
| LEADER | 00000 a a2200000 04500 | ||
|---|---|---|---|
| 001 | 47633 | ||
| 003 | cru IIS | ||
| 005 | 20230902201131.0 | ||
| 008 | 230830b |||||||| |||| 00| 0 spa d | ||
| 040 | |c A | ||
| 100 | |a Vélez Cardona, Waldemiro | ||
| 245 | |a Educación general: |b definiciones, evolución, paradigmas epistemológicos y futuro / |c Waldemiro Vélez Cardona | ||
| 246 | |a El papel de los estudios generales en las instituciones con fuerte énfasis en la ciencia y la tecnología | ||
| 520 | |a En este análisis exhaustivo, se aborda la educación general desde múltiples perspectivas, ofreciendo una visión amplia y profunda de su significado, evolución histórica y paradigmas epistemológicos. A través de 16 páginas, el autor explora cómo la educación general se ha transformado a lo largo del tiempo y cómo responde a las necesidades cambiantes de la sociedad y la tecnología. Particularmente, se examina el papel crucial que desempeñan los estudios generales en instituciones altamente orientadas hacia la ciencia y la tecnología. Se considera cómo la educación general puede enriquecer la formación de los estudiantes al proporcionarles una base sólida en diversas áreas, fomentando así su capacidad para enfrentar los desafíos complejos y las demandas de un mundo en constante evolución. RAR 01/2023 | ||
| 650 | 0 | |2 OCDE |9 1732 |a CIENCIA Y TECNOLOGIA | |
| 650 | 0 | |2 UNESCO |9 310 |a EDUCACION SUPERIOR | |
| 773 | |g número20, (2013), páginas 1-16 | ||
| 942 | |2 ddc |c REF | ||
| 999 | |c 23365 |d 23365 | ||
